QCM cinéma #2 - Statistiques

Statistiques générales
  • Ce quiz a été pris 29 fois
  • Le résultat moyen est 18 sur 30
Statistiques - réponses
Question Réponse % Correct
Qui incarne le père de Paulo (Artus) dans Un p'tit truc en plus ? Clovis Cornillac
89%
Qui incarne l'agent K aux côtés de Will Smith dans Men in Black ? Tommy Lee Jones
89%
Lequel de ces films n'a pas été réalisé par Charlie Chaplin ? Citizen Kane
85%
Pour quel rôle Heath Ledger a-t-il obtenu l'Oscar du meilleur acteur dans un second rôle ? Joker
81%
Qui a réalisé les sagas Le Seigneur des anneaux et Le Hobbit ? Peter Jackson
81%
Quelle saga a rendue célèbre Keira Knightley ? Pirates des Caraïbes
81%
Dans quel film peut-on entendre : "j'aime l'odeur du napalm au petit matin" ? Apocalypse Now
78%
Quel est le premier film dans lequel a joué Natalie Portman ? Léon
78%
Quelle souveraine Romy Schneider a-t-elle incarnée à trois reprises ? Sissi
78%
Comment s'appelle le héros récurrent créé par François Truffaut ? Antoine Doinel
74%
Quelle actrice joue la femme de Dustin Hoffman dans Kramer contre Kramer ? Meryl Streep
70%
Pour quel film Quentin Tarantino a-t-il obtenu la Palme d'Or ? Pulp Fiction
70%
Dans Bambi, quel animal est Fleur ? Une mouffette
70%
Comment s'appelle le chien dans Retour vers le Futur ? Einstein
67%
Quel acteur n'a jamais incarné Spider-Man ? Elijah Wood
67%
Qui a incarné Claude François dans le film Cloclo ? Jérémy Rénier
67%
Quels sont les prénoms de Mr. & Mrs. Smith dans le film du même nom ? John et Jane
67%
Dans quel film Cameron Diaz n'a-t-elle pas jouée ? Américain Beauty
52%
Qui incarne l'héroïne du film Talons aiguilles ? Victoria Abril
52%
Pour quel film américain Michel Legrand a-t-il composé la chanson The Windmills of Your Mind (Les Moulins de mon cœur en version française) ? L'affaire Thomas Crown
48%
Quelle était la nationalité de Greta Garbo ? Suédoise
44%
Qui tient le principal rôle féminin du film Adieu les cons réalisé par Albert Dupontel ? Virginie Efira
44%
Quel acteur apparaît le plus souvent dans les films de Wes Anderson ? Bill Murray
41%
Quelle profession exerce Guillaume Canet dans Au nom de la terre ? Éleveur
41%
Lequel de ces films n'a pas été réalisé par Hayao Miyazaki ? Le Tombeau des Lucioles
41%
Avec quel réalisateur Michel Blanc a-t-il le plus tourné ? Patrice Leconte
41%
Quel film n'a pas été tourné à Lyon ou dans sa région ? La vie est un long fleuve tranquille
37%
Pour quel film Simone Signoret a-t-elle obtenue l'Oscar de la meilleur actrice ? Les Chemins de la haute ville
30%
Avec quel acteur Brigitte Bardot n'a-t-elle jamais jouée ? Lino Ventura
30%
Dans quelle ville se déroule l'action du film The Town, réalisé par Ben Affleck ? Boston
22%
Aucun quiz correspondant
Distribution des résultats
% des personnes avec chaque résultat
Percentile par nombre de réponses
Votre historique - résultats
Vous n’avez pas pris ce quiz